000 00954nam a2200277Ia 4500
003 OSt
005 20221005105423.0
006 a|||||r|||| 00| 0
007 ta
008 221004b |||||||| |||| 00| 0 hin d
020 _a8123011814 (pbk)
_cIndian Rupees 30
024 _a35598
037 _bGift, 01/02/2018,
_cTextual
040 _aCRL
_cCRL
_bhin
041 _2hin
_ahin
082 _aO152,1x, P4
100 _aमिश्र, उमाकांत, संपा.
245 0 _aकविता आजकल
246 _aKavitā ājakala
260 _aनई दिल्ली
_bप्रकाशन विभाग भारत
_c2004
300 _a102पृ0
_ccm.
650 _a हिन्दी साहित्य
650 _aहिन्दी कविता
942 _hO152,1x, P4
_cTEXL
_2cc
999 _c1015764
_d1015764